Through the eyes of the king : (Record no. 115446)

MARC details
000 -LEADER
fixed length control field 00812nam a2200253 i 4500
001 - CONTROL NUMBER
control field C2-0313786
003 - CONTROL NUMBER IDENTIFIER
control field PPAK
005 - DATE AND TIME OF LATEST TRANSACTION
control field 20180728105527.0
008 - FIXED-LENGTH DATA ELEMENTS--GENERAL INFORMATION
fixed length control field 041124s2009 si a|||| ||||| | eng d
020 ## - INTERNATIONAL STANDARD BOOK NUMBER
International Standard Book Number 9789812307736
040 ## - CATALOGING SOURCE
Original cataloging agency PPAK
Language of cataloging eng
Transcribing agency PPAK
Description conventions rda
082 04 - DEWEY DECIMAL CLASSIFICATION NUMBER
Classification number 959.3035092
Edition number 23
090 00 - LOCALLY ASSIGNED LC-TYPE CALL NUMBER (OCLC); LOCAL CALL NUMBER (RLIN)
Classification number (OCLC) (R) ; Classification number, CALL (RLIN) (NR) 959.3035092
Feature heading LIM
Feature heading KK
Classification number (OCLC) (R) ; Classification number, CALL (RLIN) (NR) 959.3035092
Feature heading LIM
Feature heading R
100 1# - MAIN ENTRY--PERSONAL NAME
Personal name Lim, Patricia Pui Huen,
Relator term author
245 10 - TITLE STATEMENT
Title Through the eyes of the king :
Remainder of title the travels of King Chulalongkorn to Malaya
264 #1 - PRODUCTION, PUBLICATION, DISTRIBUTION, MANUFACTURE, AND COPYRIGHT NOTICE
Place of production, publication, distribution, manufacture Singapore :
Name of producer, publisher, distributor, manufacturer Institute of Southeast Asian Studies ,
Date of production, publication, distribution, manufacture, or copyright notice 2009
300 ## - PHYSICAL DESCRIPTION
Extent xxii, 178 pages :
Other physical details colour illustrations ;
Dimensions 27 cm
336 ## - CONTENT TYPE
Source rdacontent
Content type term text
337 ## - MEDIA TYPE
Source rdamedia
Media type term unmediated
338 ## - CARRIER TYPE
Source rdacarrier
Carrier type term volume
650 10 - SUBJECT ADDED ENTRY--TOPICAL TERM
Topical term or geographic name entry element Malaysia -Description and travel
942 ## - ADDED ENTRY ELEMENTS (KOHA)
-- dc
Koha item type Book
Holdings
Withdrawn Not for loan Current library Shelving location Date acquired Full call number Barcode Date last seen Koha item type
  Not For Loan Perpustakaan Alor Setar Koleksi Kedah 28/11/2011 KK 959.3035092 LIM A01371078 09/05/2018 Book
  Not For Loan Perpustakaan Alor Setar Rujukan Dewasa 15/12/2011 R 959.3035092 LIM A01373557 09/05/2018 Book